| 000 | 00569nam a22001817a 4500 | ||
|---|---|---|---|
| 999 |
_c184413 _d184413 |
||
| 005 | 20220120103728.0 | ||
| 010 | _aENG-131258 | ||
| 020 |
_a978-93-5322-576-6 _c325.00 |
||
| 035 | _aEN-114790 | ||
| 037 | _bDBAD | ||
| 082 | _a574 | ||
| 100 | _aMehrotra, Mamta | ||
| 245 |
_aNeet Biology: _cMamta Mehrotra, Bhagwan D Bulchandani _bChapter-wise & Topic-Wise solved Papers 2005-2020/ |
||
| 260 |
_aNew Delhi _bPrabhat Prakashan _c2019 |
||
| 270 |
_bNew Delhi _a4/19, Asaf Ali Road _e110002 |
||
| 300 |
_a337p. _c27cm(pbk) |
||
| 942 |
_2ddc _cEN _h574 _mMEH |
||